000 00749nam a22001935i 4500
001 164277
003 ES-MaACL
005 20250930063144.0
008 990316s1871 sp |||| | spa d
040 _aCCPB | B
_bspa
_cCCPB | B
080 _a34(460.152)
100 1 _aSagarmínaga, Fidel de,
_d1830-1894
_9101407
245 1 0 _aReflexiones sobre el sentido político de los fueros de Vizcaya /
_cpor Fidel de Sagarmínaga.
260 _aBilbao :
_b[s.n.],
_c1871 (
_fImprenta y Litografía de Juan E. Delmas)
300 _a111 p. ;
_c20 cm.
650 0 4 _aFueros-
_zVizcaya.
_912996
852 _aES-MaACL
_jT-195-F-4
_z-- Enc. hol., falto de la cub. original
_q-- Falto de antep.
_z-- Enc. en un vol. facticio
999 _c164277
_d164277